Statistics for General Knowledge Quiz #4

Click here to take the quiz!

General Stats

  • This quiz has been taken 168,729 times
    (82,756 since last reset)
  • The average score is 11 of 20

Answer Stats

QuestionAnswer% Correct
Who recorded the song "Poker Face"?Lady Gaga
93%
What is the first book of the Bible?Genesis
77%
Whose net worth declined by a record $29 billion in a single day due to a
decline in the stock of Meta Systems in 2022?
Mark Zuckerberg
64%
What South American country has won more major international beauty pageants
than any other countries besides the U.S.?
Venezuela
61%
What do pitcher plants eat?Insects
60%
Who is the lead singer of The Rolling Stones?Mick Jagger
58%
What prison was stormed on July 14th, 1789?La Bastille
57%
Correctly spell the capital of Iceland.Reykjavík
56%
What do we call the mineral Beryl when its green?Emerald
53%
What major Japanese city was spared bombing damage during WWII
because of its cultural value?
Kyoto
51%
How many ships did Helen's face launch?1000
50%
Who fought Ivan Drago and Clubber Lang?Rocky Balboa
48%
British people called them courgettes. What do Americans call them?Zucchini
48%
Who was the first Roman emperor?Augustus
47%
In what country would you find the city of Haarlem?Netherlands
45%
What actor lent his basso profondo voice to Mufasa and Darth Vader?James Earl Jones
43%
What Roman numeral is equal to 2159?MMCLIX
43%
Who resigned as pope in 2013?Pope Benedict XVI
42%
What country's unofficial national anthem is "Waltzing Matilda"?Australia
41%
Who is Steffi Graf's husband?Andre Agassi
27%

Score Distribution

Percentile by Number Answered

Percent of People with Each Score

Your Score History

You have not taken this quiz since the last reset